Guess the Currency #1 - Statistics

General Stats
  • This quiz has been taken 43 times
  • The average score is 9 of 15
Answer Stats
Code Answer % Correct
EUR EURO
97%
AUD Australian Dollar
85%
JPY Japanese Yen
82%
USD United States Dollar
82%
MXN Mexican Peso
64%
RUB Russian Ruble
56%
THB Thai Baht
56%
SGD Singapore Dollar
54%
INR Indian Rupee
51%
NOK Norwegian Krone
51%
TRY Turkish Lira
51%
BRL Brazilian Real
44%
KRW South Korean Won
41%
QAR Qatari Riyal
26%
RSD Serbian Dinar
18%
No matching quizzes found
Score Distribution
Percent of People with Each Score
Percentile by Number Answered
Your Score History
You have not taken this quiz